Welcome to the Holygrace Academy Library

Please use search bar below to get started

HINDI VYAKARAN (Record no. 4208)

MARC details
000 -LEADER
fixed length control field 00254nam a22001217a 4500
082 ## - DEWEY DECIMAL CLASSIFICATION NUMBER
Classification number 494
Item number CHA/S
100 ## - MAIN ENTRY--AUTHOR NAME
Personal name CHATHURVEDHI,RAJESWAR PRASAD
245 ## - TITLE STATEMENT
Title HINDI VYAKARAN
260 ## - PUBLICATION, DISTRIBUTION, ETC. (IMPRINT)
Place of publication DELHI
Name of publisher M.I
300 ## - PHYSICAL DESCRIPTION
Number of Pages 140
650 ## - SUBJECT ADDED ENTRY--TOPICAL TERM
Topical Term GRAMMAR
Geographic subdivision DELHI
942 ## - ADDED ENTRY ELEMENTS (KOHA)
Koha item type Books
Holdings
Withdrawn status Lost status Collection code Home library Current library Shelving location Date acquired Source of acquisition Full call number Accession Number Koha item type
    Reference Main Library Main Library   05/10/2015 PURCHASE 494 CHA/S 09575 Books